|
|
|
|
| LEADER |
00000ny a22000003n 4500 |
| 005 |
20110621113948.0 |
| 008 |
091214s2005 po 000 0 por d |
| 020 |
|
|
|a 9789727490561
|
| 035 |
|
|
|a 1819
|
| 040 |
|
|
|a BUS
|d vLex
|
| 090 |
|
|
|c 922
|d 922
|
| 100 |
1 |
|
|a Leitó, Helder Martins
|
| 245 |
1 |
0 |
|a Dicionr̀io de processo civil
|h [Recurso electrn̤ico]
|c Helder Martins, Leitó
|
| 256 |
|
|
|a Servicio en ln̕ea
|
| 260 |
|
|
|a Porto :
|b Almeida & Leitó,
|c 2005
|
| 300 |
|
|
|a p. ;
|c cm
|
| 506 |
1 |
|
|a Contenido solo disponible en los productos indicados
|d vLex Global
|d vLex Global (Academic Edition, excluding Law Schools)
|d vLex Global (U.S. Academic Edition, Law Schools)
|d vLex Global (U.S. Academic Edition, excluding Law Schools)
|d vLex Global (Academic Edition, Law Schools)
|
| 650 |
0 |
4 |
|a Derecho civil
|
| 740 |
0 |
|
|a vLex Libros (Servicios en ln̕ea)
|
| 856 |
4 |
0 |
|u http://vlex.com/source/1819
|z Acceso restringido
|
| 942 |
|
|
|c BOOK
|